Geography Quiz

Random Geography or Flags Quiz

16 Country Flag Map Quiz Stats

 Plays Quiz Updated May 27, 2018

Challenge
Share
Tweet
Score 0/16 Timer 03:00
2 Plays Today
% Correct
Australia
94.7%
Switzerland
91.4%
Canada
90.1%
France
88.5%
Spain
87.5%
Turkey
82.3%
Saudi Arabia
82%
North Korea
73.4%
% Correct
South Africa
72.9%
Iran
70.5%
Cambodia
66.3%
Estonia
64.2%
Peru
48.7%
Uganda
44.5%
Swaziland
43.2%
Guatemala
37.6%

You're not logged in!

Compare scores with friends on all Sporcle quizzes.
OR
Log In

You Might Also Like...

Show Comments

Extras

Top Quizzes Today


Score Distribution

Your Account Isn't Verified!

In order to create a playlist on Sporcle, you need to verify the email address you used during registration. Go to your Sporcle Settings to finish the process.

Report this User

Report this user for behavior that violates our Community Guidelines.

Details: